Movies Quiz

Random Movies or Oscar Quiz
Score 0/114 Timer 10:00
0 Plays Today
% Correct
Leonardo DiCaprio
97.8%
Leonardo DiCaprio
97.8%
Leonardo DiCaprio
97.8%
Tom Hanks
96.5%
Tom Hanks
96.5%
Tom Hanks
96.5%
Tom Hanks
96.5%
Sandra Bullock
96.4%
Sandra Bullock
96.4%
Sandra Bullock
96.4%
Sandra Bullock
96.4%
Sandra Bullock
96.4%
Jennifer Lawrence
94.3%
Jennifer Lawrence
94.3%
Jennifer Lawrence
94.3%
Jennifer Lawrence
94.3%
Jennifer Lawrence
94.3%
Amy Adams
94.1%
Amy Adams
94.1%
Amy Adams
94.1%
Christian Bale
93.3%
Christian Bale
93.3%
Christian Bale
93.3%
Christian Bale
93.3%
Bradley Cooper
92.9%
Bradley Cooper
92.9%
Bradley Cooper
92.9%
Bradley Cooper
92.9%
Jared Leto
91.1%
Jared Leto
91.1%
Jared Leto
91.1%
Jared Leto
91.1%
Matthew McConaughey
90.9%
Matthew McConaughey
90.9%
Matthew McConaughey
90.9%
Matthew McConaughey
90.9%
Cate Blanchett
90.5%
Cate Blanchett
90.5%
% Correct
Cate Blanchett
90.5%
Cate Blanchett
90.5%
Cate Blanchett
90.5%
Meryl Streep
89.8%
Meryl Streep
89.8%
Meryl Streep
89.8%
Meryl Streep
89.8%
Judi Dench
88%
Judi Dench
88%
Judi Dench
88%
Judi Dench
88%
Judi Dench
88%
Joaquin Phoenix
86.6%
Jonah Hill
86.1%
Emma Thompson
82.2%
Emma Thompson
82.2%
Emma Thompson
82.2%
Emma Thompson
82.2%
Michael Fassbender
80.9%
Michael Fassbender
80.9%
Michael Fassbender
80.9%
Michael Fassbender
80.9%
Michael Fassbender
80.9%
Lupita Nyong'o
80.7%
Lupita Nyong'o
80.7%
Lupita Nyong'o
80.7%
Lupita Nyong'o
80.7%
Lupita Nyong'o
80.7%
Julia Roberts
80.7%
Julia Roberts
80.7%
Julia Roberts
80.7%
Julia Roberts
80.7%
Julia Roberts
80.7%
Bruce Dern
80.4%
Bruce Dern
80.4%
Bruce Dern
80.4%
Bruce Dern
80.4%
Bruce Dern
80.4%
% Correct
Chiwetel Ejiofor
79.6%
Chiwetel Ejiofor
79.6%
Chiwetel Ejiofor
79.6%
Chiwetel Ejiofor
79.6%
Chiwetel Ejiofor
79.6%
Forest Whitaker
75.9%
Matt Damon
74.5%
Scarlett Johansson
72.4%
Oprah Winfrey
70.6%
Oprah Winfrey
70.6%
Oprah Winfrey
70.6%
Oscar Isaac
64.2%
Idris Elba
64.1%
Barkhad Abdi
63.6%
Barkhad Abdi
63.6%
Barkhad Abdi
63.6%
Barkhad Abdi
63.6%
Barkhad Abdi
63.6%
Robert Redford
62.9%
Robert Redford
62.9%
Sally Hawkins
62.9%
Sally Hawkins
62.9%
Sally Hawkins
62.9%
June Squibb
62.2%
June Squibb
62.2%
June Squibb
62.2%
June Squibb
62.2%
Kate Winslet
57.7%
Julie Delpy
57.7%
Daniel Brühl
55.7%
Daniel Brühl
55.7%
Daniel Brühl
55.7%
Daniel Brühl
55.7%
Greta Gerwig
54.9%
James Gandolfini
49.9%
James Gandolfini
49.9%
Julia Louis-Dreyfus
49.8%
Brie Larson
48.7%
Remove Ads.
Support Sporcle.
Get the best of Sporcle when you Go Orange. This ad-free experience offers more features, more stats, and more fun while also helping to support Sporcle. Thank you for becoming a member.

You're not logged in!

Compare scores with friends on all Sporcle quizzes.
OR
Log In

Sporcle TV

Today on Sporcle TV


Watch our educational content, quiz creation guides, and fun videos on Sporcle TV.

Show Comments

Extras

Top Quizzes Today


Score Distribution

Paid Content

Your Account Isn't Verified!

In order to create a playlist on Sporcle, you need to verify the email address you used during registration. Go to your Sporcle Settings to finish the process.

Report this User

Report this user for behavior that violates our Community Guidelines.

Details: